Los procesos industriales y el medio ambiente (Registro nro. 240166)
[ vista simple ]
| 000 -ENCABEZADO | |
|---|---|
| Número de control [NR] | 00983 a2200253 4500 |
| 005 - FECHA Y HORA DE LA ÚLTIMA TRANSACCIÓN | |
| control field | 20160826083235.0 |
| 008 - DE LONGITUD FIJA DE DATOS DE ELEMENTOS - INFORMACIÓN GENERAL | |
| Elementos de longitud fija [NR] | 140321s2014 ck a gr|||| 000 0dspa d |
| 020 ## - NUMERO INTERNACIONAL NORMALIZADO PARA LIBROS [R] | |
| Número Internacional Normalizado del libro [NR] | 9789587541076 |
| 040 ## - FUENTE DE CATALOGACION [NR] | |
| Agencia de catalogación original [NR] | CO-BoUCM |
| Idioma de catalogación [NR] | spa |
| Quien Cataloga | Sandra Palacio (modificó) |
| Quien Clasifica | Aldemar Mondragón |
| 041 ## - CODIGO DE IDIOMA [R] | |
| Código de idioma para texto/pista de sonido o título separado [R] | Español |
| 100 1# - ASIENTO PRINCIPAL--NOMBRE PERSONAL [NR] | |
| Nombre personal [NR] | Méndez Delgado, Fernando |
| ID Autoridad | 58640 |
| 245 14 - MENCION DE TITULO [NR] | |
| Título [NR] | Los procesos industriales y el medio ambiente |
| Parte restante del título [NR] | un nuevo paradigma |
| Mención de responsabilidad, etc. [NR] | Fernando Méndez Delgado |
| 250 ## - MENCION DE EDICION [NR] | |
| Mención de edición [NR] | 2a ed |
| 260 ## - PUBLICACION, DISTRIBUCION, ETC. (PIE DE IMPRENTA) [R] | |
| Lugar de publicación, distribución, etc. [R] | Ibagué (Tolima, Colombia) |
| Nombre del editor, distribuidor, etc. [R] | Ediciones Unibagué |
| Fecha de publicación, distribución, etc. [R] | 2014 |
| 300 ## - DESCRIPCION FISICA [R] | |
| Extensión [R] | 197 páginas |
| Otros detalles físicos [NR] | ilustraciones |
| 504 ## - NOTA DE BIBLIOGRAFIA, ETC. [R] | |
| Nota de bibliografía, etc. [NR] | Incluye referencias bibliográficas |
| 650 #7 - ASIENTO SECUNDARIO DE MATERIA - TERMINO TEMATICO [R] | |
| 9 (RLIN) | 19225 |
| Término temático o nombre geográfico como elemento de entrada [NR] | Medio ambiente |
| 650 #7 - ASIENTO SECUNDARIO DE MATERIA - TERMINO TEMATICO [R] | |
| 9 (RLIN) | 22643 |
| Término temático o nombre geográfico como elemento de entrada [NR] | Protección del medio ambiente |
| 650 #7 - ASIENTO SECUNDARIO DE MATERIA - TERMINO TEMATICO [R] | |
| Término temático o nombre geográfico como elemento de entrada [NR] | Industria |
| 9 (RLIN) | 7726 |
| 690 ## - ASUNTO AGREGADO LOCAL DE ENTRADA - TÉRMINO TEMÁTICO (OCLC, RLIN) | |
| Acceso temático local | Medio ambiente |
| 9 (RLIN) | 19225 |
| 710 1# - ASIENTO SECUNDARIO - NOMBRE CORPORATIVO [R] | |
| Nombre corporativo o de jurisdicción como elemento de entrada [NR] | Universidad de Ibagué |
| Unidad subordinada [R] | Facultad de ingeniería |
| -- | Programa de ingeniería industrial |
| 9 (RLIN) | 58641 |
| 942 ## - ELEMENTOS DE ENTRADA AGREGADOS (KOHA) | |
| Tema principal | Economía |
| Tipo de ítem principal el descrito en 300a | Libro |
| Edición | 2 |
| Parte restante de la signatura top. | M538p |
| Sistema de clasificación | DEWEY |
| Clasificación | 363.731 |
| Total préstamos | Signatura topográfica | Código de barras | Última vez visto | Volúmen / Fascículo | Ejemplar | Costo de reposición | Price effective from | Tipo de ítem | Perdido | Sistema de clasificación | Dañado | No prestable | Tipo de ítem específico | Suprimido | Ubicación habitual | Ubicación actual | Localización | Fecha de creación | Proveedor | Forma de adquisición | Costo |
|---|---|---|---|---|---|---|---|---|---|---|---|---|---|---|---|---|---|---|---|---|---|
| 363.731 M538p | 100141168 | 05/12/2025 | 2a.Ed. V.2 | Ej.1 | 26000.00 | 11/03/2014 | Libro | DEWEY | Libro | Claustro | Claustro | 2do piso | 11/03/2014 | 12 | Donación | 26000.00 | |||||
| 363.731 M538p | 100150095 | 05/12/2025 | 2a.Ed. V.3 | Ej.1 | 26000.00 | 18/08/2016 | Libro | DEWEY | Libro | Claustro | Claustro | 2do piso | 18/08/2016 | 12 | Donación | 0.00 |